000 005150000a22002050004500
003 LK-CoMWRAF
005 20230920123055.0
008 230817t1995 ||||| |||| 00| 0 eng d
020 _a817304273X
040 _aLK-CoMWRAF
_dLK-CoMWRAF
_eLK-CoMWRAF
041 _aeng
082 _a294
_bREL
245 _aReligion in Modern India
250 _a3rd ed.
260 _aNew Delhi:
_bManohar,
_c1995
300 _axiv, 588 p. ; 22 cm.
650 _aRELIGIONS-India
700 _aBaird, Robert D.
_eed.
942 _cBK
999 _c1459
_d1459